000 00987cam a22002771a 4500
001 agr52000509
003 DLC
005 20260227111017.0
008 770721s1952 dcu b f000 0 eng c
010 _aagr52000509
035 _a(OCoLC)3131424
040 _aU. S. Dept. of Agr. Libr.
_cCCC
_dCCC
_dDNAL
_dDLC
042 _apremarc
043 _an-us---
050 0 0 _aZ1009
_b.U57 no. 20
070 0 _a1
_bAg84Bi no.20
072 0 _aF700
_aK001
_aX200
082 _a016.591216 s
_a016.591973
100 1 _aDayton, William Adams,
_d1885-
245 1 0 _aUnited States tree books :
_ba bibliography of tree identification /
_cby William A. Dayton.
260 _a[Washington, D.C.] :
_bU.S. Dept. of Agriculture,
_c1952.
300 _a32 p. ;
_c24 cm.
490 1 _aBibliographical bulletin / United States Department of Agriculture ;
_vno. 20
650 0 _aTrees
_zUnited States
_vBibliography.
830 0 _aBibliographical bulletin (United States. Department of Agriculture) ;
_vno. 20.
999 _c11475
_d11475